| 000 | 01357cam a2200385 4500 | ||
|---|---|---|---|
| 001 | M85688 | ||
| 008 | 090401t1995 xxu||||| |||| 00| 0 eng d | ||
| 020 | _a9056450026 | ||
| 035 | _a(Sirsi) u80108 | ||
| 041 | _aeng | ||
| 050 | _a694.01 | ||
| 245 | _aTimber engineering STEP 2 : design - details and structural systems. | ||
| 260 |
_aAlmere, Netherlands _bCentrum Hout _c1995 |
||
| 300 | _aca.300p. : ill. ; 30cm. | ||
| 350 | _a20 | ||
| 520 | _aThe Structural Timber Education Programme (STEP) was initiated by Eurofortech and supported by the Commission of the European Communities under the Comett programme. It is intended to make Eurocode 5, the European code for design of timber structures, operational and accepted by users. | ||
| 650 | _aBUILT ENVIRONMENT-CONSTRUCTION DESIGN | ||
| 650 | _aCOMETT PROGRAMME | ||
| 650 | _aEUROCODE 5 | ||
| 650 | _aSTRUCTURAL TIMBER EDUCATION PROGRAMME | ||
| 650 | _aTIMBER ENGINEERING | ||
| 650 | _aTIMBER STRUCTURES | ||
| 650 | _aTIMBER | ||
| 690 | _aBUILT ENVIRONMENT | ||
| 700 |
_aBlass, H.J. _xEditor |
||
| 700 |
_aAune, P. _xEditor |
||
| 700 |
_aChoo, B.S. _xEditor |
||
| 700 |
_aGorlacher, R _xEditor |
||
| 700 |
_aGriffiths, D.R. _xEditor |
||
| 700 |
_aHilson, B.O. _xEditor |
||
| 700 |
_aRacher, P. _xEditor |
||
| 700 |
_aSteck, G. _xEditor |
||
| 942 | _n0 | ||
| 948 | _c05/08/1997 | ||
| 999 |
_c96592 _d96592 |
||